000 00570nam a2200229Ia 4500
003 OSt
005 20220924142921.0
006 a|||||r|||| 00| 0
007 ta
008 220923b |||||||| |||| 00| 0 ori d
024 _a303917
037 _cTextual
040 _aARTS
_cARTS
_bORI
041 _2ORI
_aORI
082 _aO152,3MVE(V), 1591L3
100 _aVerma
_9208398
245 0 _aMruganayani
260 _c1973
650 _aHINDI LITERATURE
_923866
942 _hO152,3MVE(V), 1591L3
_cTEXL
_2CC
999 _c452490
_d452490